000 00860nmm a2200277 a 4500
001 ocm000955256
003 TR-IsHL
005 20201028150257.0
008 150110s2014 tu tur
007 cr cn
020 _a9789944157926
035 _a955256
_b(N$T)
050 0 4 _aR123
_b.Ö94 2014
090 0 4 _aR123
_b.Ö94 2014
100 1 _aÖzdemir, İbrahim
245 1 0 _aTıbbi ve radyolojik terminoloji
_h[electronic resource] /
_cİbrahim Özdemir
260 _aİstanbul :
_bHiperlink Yayınları,
_c2014
300 _a226 p.
500 _aKaynakça var.
_x
650 4 _aTıp
650 4 _aMedicine
650 0 _aTıp
_xSözlükler
650 0 _aMedicine
_xDictionaries
650 7 _aMEDICAL / Dictionaries & Terminology
_2bisacsh
856 4 0 _uhttp://search.ebscohost.com/login.aspx?direct=true&scope=site&db=e011xww&AN=955256
999 _c10387
_d10387